Statistics for ALL Pro Sports Teams

Click here to take the quiz!

General Stats

  • This quiz has been taken 18 times
  • The average score is 140 of 295

Answer Stats

LeagueAnswer% Correct
IFLBismarck Bucks
94%
CFLBritish Columbia Lions
94%
NBACharlotte Hornets
94%
NFLDetroit Lions
94%
NBALos Angeles Clippers
94%
NBANew York Knicks
94%
NBAOklahoma City Thunder
94%
NLLToronto Rock
94%
NFLBaltimore Ravens
88%
NBABoston Celtics
88%
NFLChicago Bears
88%
NFLCincinnati Bengals
88%
MLBCincinnati Reds
88%
NFLCleveland Browns
88%
NBACleveland Cavaliers
88%
WNBAConnecticut Sun
88%
NBADenver Nuggets
88%
NBADetroit Pistons
88%
MLBDetroit Tigers
88%
NBAHouston Rockets
88%
NFLKansas City Chiefs
88%
NFLLas Vegas Raiders
88%
NFLLos Angeles Chargers
88%
NBALos Angeles Lakers
88%
NBAMemphis Grizzlies
88%
NBAMilwaukee Bucks
88%
MLBOakland Athletics
88%
NBAPhiladelphia 76ers
88%
NFLSan Francisco 49ers
88%
NFLArizona Cardinals
82%
MLBAtlanta Braves
82%
MLBBaltimore Orioles
82%
IFLBay Area Panthers
82%
MLBBoston Red Sox
82%
NBABrooklyn Nets
82%
NFLCarolina Panthers
82%
NBAChicago Bulls
82%
MLBCleveland Guardians
82%
NFLDallas Cowboys
82%
NBADallas Mavericks
82%
NHLFlorida Panthers
82%
NFLGreen Bay Packers
82%
MASLHarrisburg Heat
82%
MLBHouston Astros
82%
NFLHouston Texans
82%
NFLIndianapolis Colts
82%
NFLLos Angeles Rams
82%
NFLMiami Dolphins
82%
NBAMiami Heat
82%
NBAMinnesota Timberwolves
82%
NFLMinnesota Vikings
82%
NFLNew York Giants
82%
NFLNew York Jets
82%
NFLPhiladelphia Eagles
82%
NFLPittsburgh Steelers
82%
NBASan Antonio Spurs
82%
MLBSan Francisco Giants
82%
NFLSeattle Seahawks
82%
MLBSt. Louis Cardinals
82%
NFLTampa Bay Buccaneers
82%
NFLWashington Commanders
82%
NHLWinnipeg Jets
82%
NFLAtlanta Falcons
76%
NBAAtlanta Hawks
76%
NFLBuffalo Bills
76%
NHLChicago Blackhawks
76%
MLBChicago White Sox
76%
NFLDenver Broncos
76%
NBAGolden State Warriors
76%
NBAIndiana Pacers
76%
NFLJacksonville Jaguars
76%
IFLJacksonville Sharks
76%
MLBLos Angeles Dodgers
76%
NHLLos Angeles Kings
76%
MLBMiami Marlins
76%
MLRMiami Sharks
76%
NFLNew England Patriots
76%
MLRNew Orleans Gold
76%
NBANew Orleans Pelicans
76%
NFLNew Orleans Saints
76%
NHLNew York Islanders
76%
NHLNew York Rangers
76%
MLBNew York Yankees
76%
NBAOrlando Magic
76%
NBAPhoenix Suns
76%
NBAPortland Trail Blazers
76%
NBASacramento Kings
76%
NHLSan Jose Sharks
76%
NHLTampa Bay Lightning
76%
MLBTampa Bay Rays
76%
MLBTexas Rangers
76%
MLRUtah Warriors
76%
NLLVancouver Warriors
76%
NBAWashington Wizards
76%
NHLAnaheim Ducks
71%
MLBArizona Diamondbacks
71%
NHLBoston Bruins
71%
NHLCarolina Hurricanes
71%
NWSLChicago Red Stars
71%
MLBColorado Rockies
71%
NHLDallas Stars
71%
NHLEdmonton Oilers
71%
MLSLos Angeles Galaxy
71%
MLBMilwaukee Brewers
71%
MLBMinnesota Twins
71%
NHLMinnesota Wild
71%
NHLMontreal Canadiens
71%
AUDLMontreal Royal
71%
MLBNew York Mets
71%
NHLOttawa Senators
71%
MLBPhiladelphia Phillies
71%
NHLPittsburgh Penguins
71%
MLRRugby New York
71%
NVASan Diego Wild
71%
NHLSeattle Kraken
71%
NHLSt. Louis Blues
71%
MASLTacoma Stars
71%
NFLTennessee Titans
71%
NBAToronto Raptors
71%
IFLTulsa Oilers
71%
NBAUtah Jazz
71%
NHLVancouver Canucks
71%
NHLVegas Golden Knights
71%
NHLWashington Capitals
71%
MLBWashington Nationals
71%
NHLArizona Coyotes
65%
NHLCalgary Flames
65%
AUDLCarolina Flyers
65%
MLBChicago Cubs
65%
MLSChicago Fire FC
65%
NHLColorado Avalanche
65%
NHLColumbus Blue Jackets
65%
NHLDetroit Red Wings
65%
MLBKansas City Royals
65%
MLBLos Angeles Angels
65%
MLSLos Angeles FC
65%
MLRLos Angeles Rugby
65%
MLCMI New York
65%
NHLNashville Predators
65%
NHLNew Jersey Devils
65%
MLSNew York City FC
65%
NHLPhiladelphia Flyers
65%
MLBPittsburgh Pirates
65%
MLBSeattle Mariners
65%
NHLToronto Maple Leafs
65%
NWSLUtah Royals
65%
NHLBuffalo Sabres
59%
MLSInter Miami CF
59%
MLSNew York Red Bulls
59%
MLBSan Diego Padres
59%
MLSAtlanta United FC
53%
MLSDC United
53%
MLBToronto Blue Jays
53%
MLSCharlotte FC
47%
MLSFC Dallas
47%
MLSPortland Timbers
47%
MLSSeattle Sounders
47%
CFLToronto Argonauts
47%
MLSToronto FC
47%
MLSNashville SC
41%
MLSNew England Revolution
41%
MLSPhiladelphia Union
41%
MLSCF Montreal
35%
AUDLChicago Union
35%
MLSColorado Rapids
35%
MLSColumbus Crew
35%
MLSFC Cincinnati
35%
CFLHamilton Tiger-Cats
35%
MLSHouston Dynamo
35%
WNBALas Vegas Aces
35%
NVALos Angeles Blaze
35%
WNBALos Angeles Sparks
35%
WNBANew York Liberty
35%
MLSSporting Kansas City
35%
MLSVancouver Whitecaps FC
35%
CFLWinnipeg Blue Bombers
35%
MLSAustin FC
29%
WNBAChicago Sky
29%
CFLEdmonton Elks
29%
MLSMinnesota United FC
29%
CFLMontreal Alouettes
29%
NWSLNJ/NY Gotham FC
29%
NWSLOL Reign
29%
MLSOrlando City FC
29%
MLSReal Salt Lake
29%
CFLSaskatchewan Roughriders
29%
WNBASeattle Storm
29%
IFLSioux Falls Storm
29%
MLSSt. Louis City SC
29%
IFLArizona Rattlers
24%
NWSLBay FC
24%
CFLCalgary Stampeders
24%
PLLCalifornia Redwoods
24%
CFLOttawa Redblacks
24%
AUDLPhiladelphia Phoenix
24%
MLSSan Jose Earthquakes
24%
WNBAWashington Mystics
24%
WNBAAtlanta Dream
18%
PLLBoston Cannons
18%
MLRChicago Hounds
18%
WNBADallas Wings
18%
NLLGeorgia Swarm
18%
IFLGreen Bay Blizzard
18%
WNBAIndiana Fever
18%
MASLMilwaukee Wave
18%
WNBAMinnesota Lynx
18%
PLLPhiladelphia Waterdogs
18%
NLLPhiladelphia Wings
18%
WNBAPhoenix Mercury
18%
NWSLPortland Thorns FC
18%
NWSLSan Diego Wave FC
18%
NLLSaskatchewan Rush
18%
AUDLToronto Rush
18%
PLLUtah Archers
18%
NWSLAngel City FC
12%
AUDLAtlanta Hustle
12%
AUDLAustin Sol
12%
NLLBuffalo Bandits
12%
NLLCalgary Roughnecks
12%
PLLCarolina Chaos
12%
NLLColorado Mammoths
12%
AUDLColorado Summit
12%
PLLDenver Outlaws
12%
IFLDuke City Gladiators
12%
IFLFrisco Fighters
12%
NLLHalifax Thunderbirds
12%
NWSLHouston Dash
12%
AUDLHouston Havoc
12%
IFLIowa Barnstormers
12%
MASLKansas City Comets
12%
AUDLMadison Radicals
12%
MASLMonterrey Flash
12%
PLLNew York Atlas
12%
IFLNorthern Arizona Wranglers
12%
NWSLOrlando Pride
12%
NLLPanther City Lacrosse Club
12%
AUDLPittsburgh Thunderbirds
12%
NWSLRacing Louisville FC
12%
NLLRochester Knighthawks
12%
MASLTexas Outlaws
12%
IFLVegas Knight Hawks
12%
NLLAlbany FireWolves
6%
MASLBaltimore Blast
6%
AUDLBoston Glory
6%
MASLChihuahua Savage
6%
MLRDallas Jackals
6%
AUDLDallas Legion
6%
MASLDallas Sidekicks
6%
AUDLDC Breeze
6%
AUDLDetroit Mechanix
6%
MASLEmpire Strykers
6%
MLRHouston SaberCats
6%
AUDLIndianapolis AlleyCats
6%
NWSLKansas City Current
6%
NLLLas Vegas Desert Dogs
6%
AUDLLos Angeles Aviators
6%
MLCLos Angeles Knight Riders
6%
PLLMaryland Whipsnakes
6%
AUDLMinnesota Wind Chill
6%
MLRNew England Free Jacks
6%
AUDLNew York Empire
6%
NLLNew York Riptide
6%
NWSLNorth Carolina Courage
6%
AUDLOakland Spiders
6%
MLROld Glory DC
6%
AUDLPortland Nitro
6%
AUDLSalt Lake Shred
6%
IFLSan Antonio Gunslingers
6%
AUDLSan Diego Growlers
6%
MLRSan Diego Legion
6%
NLLSan Diego Seals
6%
MLCSan Francisco Unicorns
6%
AUDLSeattle Cascades
6%
MLCSeattle Orcas
6%
MLRSeattle Seawolves
6%
MASLSt. Louis Ambush
6%
NVATeam Freedom
6%
MLCTexas Super Kings
6%
IFLTucson Sugar Skulls
6%
MASLUtica City FC
6%
MLCWashington Freedom
6%
NVAChicago Untouchables
0%
IFLColumbus Wild Dogs
0%
NVALas Vegas Ramblers
0%
IFLMassachusetts Pioneers
0%
NVAOntario Matadors
0%
NVAOrange County Stunners
0%
NVAPhiladelphia Founders
0%
NVAPuerto Rico Pythons
0%
IFLQuad City Steamers
0%
MASLSan Diego Shockers
0%
NVASouthern Exposure
0%
NVATexas Tyrants
0%
NVAUtah Stingers
0%
NWSLWashington Sprint
0%

Score Distribution

Percentile by Number Answered

Percent of People with Each Score

Your Score History

You have not taken this quiz